00650nam a2200217 a 450000100060000000300080000600500170001400800410003103500190007204000270009104100080011808200250012610000450015124500680019626000370026430000270030150000260032850400320035450400200038665000260040632357BD-RjUL20211209051825.0140426s1961 ii b 001 0 eng d a(BD-RjUL)32446 aANLbengcANLdBD-RjUL aeng a909.097671bBHS 19611 aBhargava, K. D.q(Krishna Dayal),d1912-12aA survey of Islamic culture and institutions /cK. D. Bhargava. aAllahabad :bKitab Mahal,c1961. aviii, 280 p. ;c23 cm. aErrata slip inserted. aBibliography: p. [265]-269. aIncludes index. 0aIslamic Civilization